Welcome to the Holygrace Academy Library

Please use search bar below to get started

FOOD AND FARMING (Record no. 2183)

MARC details
000 -LEADER
fixed length control field 00300nam a22001337a 4500
020 ## - INTERNATIONAL STANDARD BOOK NUMBER
ISBN 1-56847-054-1
082 ## - DEWEY DECIMAL CLASSIFICATION NUMBER
Classification number 633
Item number REE/F
100 ## - MAIN ENTRY--AUTHOR NAME
Personal name REED KING,SUSAN
245 ## - TITLE STATEMENT
Title FOOD AND FARMING
260 ## - PUBLICATION, DISTRIBUTION, ETC. (IMPRINT)
Place of publication NEW YORK
Name of publisher THOMSON LEARNING
300 ## - PHYSICAL DESCRIPTION
Number of Pages 32
650 ## - SUBJECT ADDED ENTRY--TOPICAL TERM
Topical Term GENERAL KNOWLEDGE
Geographic subdivision NEW YORK
942 ## - ADDED ENTRY ELEMENTS (KOHA)
Koha item type Books
Holdings
Withdrawn status Lost status Collection code Home library Current library Shelving location Date acquired Source of acquisition Full call number Accession Number Koha item type
  Lost and Paid For Reference Main Library Main Library SHELF 2-A SCIENCE IN OUR WORLD,FUNK7WAGNALLS ENCYCLO,,FIRST AID ,Y2K,MEDICAL 28/03/2003 PURCHASE 633 REE/F 01298 Books